[Event "17ème Open International de La Réunion"]
[Site "Saint Denis"]
[Date "2015.10.10"]
[Round "7.29"]
[White "Pun Chung, Leo"]
[Black "Ringayen, Francinel"]
[Result "1-0"]
[WhiteElo "1199"]
[BlackElo "1320"]
[PlyCount "163"]
[EventDate "2015.??.??"]

1. e4 e5 2. Nf3 Nc6 3. Bc4 Na5 4. Be2 Nc6 5. O-O Nf6 6. Nc3 Bb4 7. d3 O-O 8.
Bg5 h6 9. Bh4 d6 10. a3 Bxc3 11. bxc3 Be6 12. Rb1 Rb8 13. Re1 Re8 14. Bf1 b6
15. d4 g5 16. d5 gxh4 17. dxe6 Rxe6 18. Nxh4 Ne7 19. Qc1 Qf8 20. Rb4 a5 21. Rb3
Qg7 22. Bc4 d5 23. exd5 Nfxd5 24. Bxd5 Nxd5 25. Nf5 Qg5 26. Qxg5+ hxg5 27. c4
Ne7 28. Nxe7+ Rxe7 29. Rg3 f6 30. Rf3 Kg7 31. g3 Rd8 32. h4 gxh4 33. gxh4 Rh8
34. Re4 Kf7 35. Rg3 Ke6 36. f4 Rxh4 37. f5+ Kxf5 38. Rxh4 Ke6 39. Kf2 Kd6 40.
Rd3+ Kc5 41. Rf3 Rf7 42. Ke2 Kd6 43. Rd3+ Ke6 44. Re3 c6 45. a4 Rc7 46. c5 b5
47. Kd1 b4 48. Rhh3 Kd5 49. Rh6 f5 50. Rh5 f4 51. Rd3+ Ke4 52. Ke2 Rg7 53. Rdh3
Rg2+ 54. Kd1 Rg1+ 55. Kd2 Ra1 56. Rh6 Kd5 57. R3h5 Rxa4 58. Rg5 Ra3 59. Rhh5
Kxc5 60. Rxe5+ Kb6 61. Rhf5 f3 62. Re4 Rc3 63. Ref4 c5 64. Kc1 b3 65. Kb2 Rxc2+
66. Kxb3 Re2 67. Rxf3 Re7 68. Rc3 Rc7 69. Ka4 Rc6 70. Rb3+ Kc7 71. Kb5 c4 72.
Rc3 Rb6+ 73. Kxc4 Rc6+ 74. Rc5 Rxc5+ 75. Kxc5 a4 76. Ra3 Kb7 77. Rxa4 Kb8 78.
Rh4 Ka7 79. Rb4 Ka8 80. Kc6 Ka7 81. Rb1 Ka8 82. Kc7 1-0

[Event "17ème Open International de La Réunion"]
[Site "Saint Denis"]
[Date "2015.10.10"]
[Round "7.30"]
[White "Dazin, Nathan"]
[Black "Caminade, Hugo"]
[Result "0-1"]
[WhiteElo "1199"]
[BlackElo "1247"]
[PlyCount "122"]
[EventDate "2015.??.??"]

1. e4 e6 2. Nf3 d5 3. e5 Bc5 4. Nc3 Nd7 5. Bb5 c6 6. Ba4 b5 7. Bb3 Qb6 8. d4
Bb4 9. Bd2 Ne7 10. a3 Bxc3 11. Bxc3 Bb7 12. O-O O-O 13. Bb4 c5 14. dxc5 Nxc5
15. Bxc5 Qxc5 16. Qd4 Rac8 17. Qxc5 Rxc5 18. a4 a5 19. Nd4 Bc6 20. Nxc6 Nxc6
21. Rfe1 Nd4 22. Re3 Rfc8 23. axb5 Rxb5 24. Rc3 Ne2+ 25. Kf1 Nxc3 26. bxc3 Rxc3
27. Ke2 d4 28. f4 f6 29. exf6 gxf6 30. Bxe6+ Kf8 31. Bb3 Rc7 32. Kd3 Rd7 33.
Kc4 Rb4+ 34. Kc5 Rc7+ 35. Kd6 Ra7 36. Ke6 Kg7 37. g4 a4 38. g5 fxg5 39. fxg5
Kg6 40. h4 Kh5 41. Kf6 Kxh4 42. g6 hxg6 43. Kxg6 Ra6+ 44. Kf5 d3 45. Re1 Ra5+
46. Kf6 Rb6+ 47. Be6 Rd6 48. cxd3 a3 49. Ra1 Rxd3 50. Ke7 Re3 51. Kf6 Ra6 52.
Kf5 Rexe6 53. Kf4 Ra5 54. Kf3 Rf6+ 55. Ke3 Rb6 56. Rh1+ Kg5 57. Rg1+ Kf5 58.
Rf1+ Ke5 59. Kd3 a2 60. Re1+ Kd5 61. Ra1 Rb1 0-1

[Event "17ème Open International de La Réunion"]
[Site "Saint Denis"]
[Date "2015.10.10"]
[Round "7.31"]
[White "Leccia, Thomas"]
[Black "Caminade, Lionel"]
[Result "0-1"]
[WhiteElo "1162"]
[BlackElo "1220"]
[PlyCount "64"]
[EventDate "2015.??.??"]

1. e4 b6 2. d4 Bb7 3. Nc3 e6 4. Bc4 d5 5. exd5 Bxd5 6. Bxd5 exd5 7. Qe2+ Be7 8.
Bg5 Nc6 9. Bxe7 Ngxe7 10. Nf3 O-O 11. O-O-O Re8 12. Qd3 Ng6 13. Qb5 Nce7 14. a3
c6 15. Qd3 Nc8 16. g3 Nd6 17. h4 Ne4 18. Nxe4 dxe4 19. Qc3 exf3 20. Qxf3 Qd5
21. Qc3 Re2 22. Rhf1 Qa2 23. b4 a5 24. bxa5 Rxa5 25. Qb2 Rxa3 26. Qxa2 Rxa2 27.
h5 Rexc2+ 28. Kb1 Ne7 29. Rfe1 Rab2+ 30. Ka1 Nd5 31. Rc1 Ra2+ 32. Kb1 Rcb2# 0-1

[Event "17ème Open International de La Réunion"]
[Site "Saint Denis"]
[Date "2015.10.10"]
[Round "7.32"]
[White "Evrin, Selvam"]
[Black "Vincent, Theo"]
[Result "0-1"]
[WhiteElo "1220"]
[BlackElo "1009"]
[PlyCount "98"]
[EventDate "2015.??.??"]

1. e4 d6 2. d4 Nf6 3. Nc3 Be6 4. Nf3 Nc6 5. d5 Bg4 6. dxc6 Bxf3 7. Qxf3 bxc6 8.
Bd3 g6 9. O-O Bg7 10. Bd2 O-O 11. Rfe1 Qd7 12. Qe2 Qg4 13. f3 Qh4 14. g3 Qh3
15. Qg2 Qxg2+ 16. Kxg2 Rab8 17. b3 Nd7 18. h4 Ne5 19. Rh1 Nxd3 20. cxd3 d5 21.
Rac1 d4 22. Ne2 c5 23. Rxc5 Rfd8 24. h5 gxh5 25. Rcxh5 e6 26. Rxh7 a5 27. Bxa5
Ra8 28. Bxc7 Rdc8 29. Bf4 Rxa2 30. Kf2 Rcc2 31. Re1 Kxh7 32. Kf1 e5 33. Bc1 Bf8
34. f4 Bb4 35. Rd1 Rxe2 36. fxe5 Rg2 37. Bf4 Rgf2+ 38. Kg1 Rg2+ 39. Kh1 Rh2+
40. Kg1 Rhb2 41. e6 fxe6 42. Kh1 Bd2 43. Be5 Be3 44. g4 Ra5 45. Bd6 Rg5 46. Ba3
Ra2 47. Bd6 Rxg4 48. b4 Rh4+ 49. Bh2 Rhxh2# 0-1

[Event "17ème Open International de La Réunion"]
[Site "Saint Denis"]
[Date "2015.10.10"]
[Round "7.33"]
[White "Cazal, Julian"]
[Black "Jouve, Marius"]
[Result "0-1"]
[WhiteElo "1070"]
[BlackElo "1430"]
[PlyCount "66"]
[EventDate "2015.??.??"]

1. e4 e5 2. d3 Nf6 3. f4 Nc6 4. Nc3 d6 5. Nf3 exf4 6. Bxf4 Bg4 7. Be2 Bxf3 8.
Bxf3 Nd4 9. O-O Nxf3+ 10. Qxf3 Be7 11. Rae1 O-O 12. Qg3 Nh5 13. Qg4 Nxf4 14.
Rxf4 c6 15. e5 dxe5 16. Rxe5 Bd6 17. Qf5 Bxe5 18. Rf3 Bxc3 19. Rh3 h6 20. bxc3
Qe7 21. Qf2 Rae8 22. Kf1 Qg5 23. g3 Qg4 24. Rh4 Qd1+ 25. Kg2 Qe2 26. Kg1 Qd1+
27. Kg2 Re2 28. Kf3 Rxf2+ 29. Kxf2 Re8 30. Kg2 Re2+ 31. Kh3 f5 32. Rd4 Qf1+ 33.
Kh4 Rxh2# 0-1

[Event "17ème Open International de La Réunion"]
[Site "Saint Denis"]
[Date "2015.10.10"]
[Round "7.34"]
[White "Boyer, Mathis"]
[Black "Larmet, Nino"]
[Result "1-0"]
[WhiteElo "1210"]
[BlackElo "1099"]
[PlyCount "81"]
[EventDate "2015.??.??"]

1. e4 c5 2. Bc4 e6 3. Nf3 Nc6 4. d3 d5 5. exd5 exd5 6. Qe2+ Be7 7. Bb5 Bd7 8.
b3 Nf6 9. Bg5 a6 10. Bxc6 Bxc6 11. Bxf6 gxf6 12. Nh4 Bd7 13. Nc3 f5 14. Nxd5
Kf8 15. Nxe7 Qxe7 16. Qxe7+ Kxe7 17. O-O-O Bc6 18. Nxf5+ Kf6 19. Nh4 Rhg8 20.
f3 Kg5 21. g3 Rae8 22. Rhf1 f5 23. Ng2 Rgf8 24. h4+ Kg6 25. d4 cxd4 26. Rxd4 h5
27. Rd6+ Kg7 28. Nf4 Rh8 29. Ne6+ Kf7 30. Nd4 Rd8 31. Rxd8 Rxd8 32. Nxf5 Kg6
33. Ne7+ Kf6 34. Nxc6 bxc6 35. Rd1 Re8 36. Rd6+ Re6 37. Rxe6+ Kxe6 38. Kd2 Ke5
39. Ke3 Kd5 40. g4 hxg4 41. fxg4 1-0

[Event "17ème Open International de La Réunion"]
[Site "Saint Denis"]
[Date "2015.10.10"]
[Round "7.35"]
[White "Hubert, Nathan"]
[Black "Alex-Geerjanan, Nils"]
[Result "1-0"]
[WhiteElo "1020"]
[BlackElo "1120"]
[PlyCount "51"]
[EventDate "2015.??.??"]

1. d4 d5 2. c4 c6 3. Nc3 Nf6 4. Bg5 h6 5. Bxf6 gxf6 6. Nf3 Bf5 7. e3 e6 8. Be2
Bd6 9. O-O e5 10. c5 exd4 11. exd4 Be7 12. Nh4 Qd7 13. h3 b6 14. b4 bxc5 15.
bxc5 Bd8 16. Bg4 Bxg4 17. Re1+ Be7 18. hxg4 Na6 19. Nf5 Nb4 20. Re2 O-O 21.
Nxe7+ Kg7 22. Nf5+ Kg8 23. Re7 Qd8 24. Qc1 Nd3 25. Qxh6 Qxe7 26. Qg7# 1-0

[Event "17ème Open International de La Réunion"]
[Site "Saint Denis"]
[Date "2015.10.10"]
[Round "7.36"]
[White "Boyer, Frederick"]
[Black "Laoussing, Mathis"]
[Result "0-1"]
[WhiteElo "1200"]
[BlackElo "1270"]
[PlyCount "92"]
[EventDate "2015.??.??"]

1. d4 Nf6 2. Nc3 d5 3. f3 Bf5 4. h4 Nc6 5. g4 Be6 6. Bf4 Qd7 7. Nb5 O-O-O 8. c3
h6 9. Bxc7 Re8 10. Bf4 g6 11. e3 Bg7 12. b4 g5 13. Bg3 a6 14. Qa4 Reg8 15. h5
Ne8 16. Ne2 f5 17. f4 gxf4 18. Bxf4 fxg4 19. Ng3 Nf6 20. Bd3 Rf8 21. Rh2 Qe8
22. Nc7 Qf7 23. b5 Bd7 24. bxa6 bxa6 25. Qxa6+ Kd8 26. Qa8+ Bc8 27. Rb1 Ne4 28.
Rb8 Nxb8 29. Qxb8 Nxg3 30. Bxg3 Qf3 31. Ne6+ Kd7 32. Nxf8+ Rxf8 33. Qb5+ Ke6
34. Rf2 Qxg3 35. Qb6+ Qd6 36. Qxd6+ Kxd6 37. Rxf8 Bxf8 38. Kf2 Ke6 39. Kg3 Kf6
40. a4 Kg5 41. e4 dxe4 42. Bxe4 Kxh5 43. c4 e6 44. a5 Kg5 45. Bc2 Bd6+ 46. Kg2
Bb7+ 0-1

[Event "17ème Open International de La Réunion"]
[Site "Saint Denis"]
[Date "2015.10.10"]
[Round "8.1"]
[White "Ralison, Milanto Harifidy"]
[Black "Sharma, Dinesh K"]
[Result "1/2-1/2"]
[WhiteElo "2046"]
[BlackElo "2356"]
[PlyCount "40"]
[EventDate "2015.??.??"]

1. e4 e6 2. d4 d5 3. Nc3 Nf6 4. e5 Nfd7 5. f4 c5 6. Nf3 Nc6 7. Be3 Be7 8. Qd2
O-O 9. Bd3 b6 10. O-O f6 11. exf6 Nxf6 12. Kh1 a6 13. a3 Qc7 14. Rae1 Rb8 15.
Ne5 Bd6 16. Nxc6 Qxc6 17. Be2 Qc7 18. g3 Bb7 19. Bf3 Rbd8 20. Qg2 Kh8 1/2-1/2

[Event "17ème Open International de La Réunion"]
[Site "Saint Denis"]
[Date "2015.10.10"]
[Round "8.2"]
[White "Harshal, Shahi"]
[Black "Gretry, Patrice"]
[Result "1/2-1/2"]
[WhiteElo "2079"]
[BlackElo "1997"]
[PlyCount "88"]
[EventDate "2015.??.??"]

1. e4 e5 2. Nf3 Nc6 3. Bc4 Bc5 4. c3 Nf6 5. d3 d6 6. Nbd2 O-O 7. O-O a6 8. Bb3
Ba7 9. h3 h6 10. Re1 Nh5 11. Nf1 Nf4 12. d4 Qf6 13. Bxf4 Qxf4 14. Ne3 Ne7 15.
Rc1 c6 16. Nc4 exd4 17. cxd4 Ng6 18. Qd3 Bd7 19. e5 dxe5 20. Nd6 e4 21. Nxe4
Rad8 22. g3 Qf5 23. Nc5 Bxc5 24. Qxf5 Bxf5 25. dxc5 Bxh3 26. Re4 Bf5 27. Rb4
Bc8 28. Kg2 Rfe8 29. g4 Re2 30. g5 Kf8 31. Bc2 h5 32. Bxg6 fxg6 33. Nh4 Rdd2
34. Rf4+ Bf5 35. Nxg6+ Kf7 36. Nh4 g6 37. Nxf5 gxf5 38. Rxf5+ Kg6 39. Rf8 Rxb2
40. a3 Kxg5 41. Rc3 Re4 42. Rcf3 Rg4+ 43. Kh3 Rh4+ 44. Kg3 Rg4+ 1/2-1/2

[Event "17ème Open International de La Réunion"]
[Site "Saint Denis"]
[Date "2015.10.10"]
[Round "8.3"]
[White "Lorans, Sylvain"]
[Black "Payet, Jean-Claude"]
[Result "1-0"]
[WhiteElo "2188"]
[BlackElo "1872"]
[PlyCount "55"]
[EventDate "2015.??.??"]

1. d4 Nf6 2. Nf3 g6 3. Bg5 Bg7 4. Nbd2 h6 5. Bf4 Nh5 6. Be5 Nc6 7. Bxg7 Nxg7 8.
d5 Nb8 9. e4 d6 10. Nc4 e5 11. dxe6 Nxe6 12. Qd2 Nc6 13. Qc3 f6 14. O-O-O Qe7
15. Ne3 Qg7 16. Nd5 O-O 17. Bc4 Ne5 18. Bb3 Kh7 19. Nd2 Nc5 20. f4 Nxb3+ 21.
Nxb3 Nc6 22. f5 g5 23. h4 g4 24. h5 Re8 25. Nxf6+ Kh8 26. Nxe8 Qxc3 27. bxc3
Bxf5 28. Nxc7 1-0

[Event "17ème Open International de La Réunion"]
[Site "Saint Denis"]
[Date "2015.10.10"]
[Round "8.4"]
[White "Mezouaghi, Miloud"]
[Black "Horny, Guenter"]
[Result "1/2-1/2"]
[WhiteElo "2074"]
[BlackElo "1878"]
[PlyCount "118"]
[EventDate "2015.??.??"]

1. e4 c5 2. Nf3 d6 3. d4 cxd4 4. Nxd4 Nf6 5. Nc3 a6 6. h3 e5 7. Nde2 Be7 8. g4
Be6 9. Bg2 Qc7 10. O-O O-O 11. Ng3 Nc6 12. g5 Nd7 13. Nf5 b5 14. Nd5 Qd8 15.
Ndxe7+ Nxe7 16. Nxd6 Qc7 17. Nf5 Nb6 18. Nxe7+ Qxe7 19. b3 Rfd8 20. Qe2 Rac8
21. Be3 Nd7 22. a4 bxa4 23. Rxa4 Nb8 24. Rd1 g6 25. h4 Rxd1+ 26. Qxd1 Qc7 27.
Ra2 a5 28. Bf1 Nc6 29. c4 Qb7 30. Rd2 Kg7 31. f3 Qc7 32. Kg2 Rd8 33. Rxd8 Nxd8
34. Qa1 Nc6 35. Qc3 Qd7 36. Be2 Qd8 37. Qd3 Nd4 38. Bxd4 exd4 39. f4 Qd7 40. h5
h6 41. gxh6+ Kxh6 42. hxg6 fxg6 43. Qd2 Kg7 44. Qxa5 d3 45. Qe5+ Kf7 46. Bd1
Bg4 47. Qa1 Be2 48. f5 gxf5 49. Kf2 fxe4 50. Bxe2 Qf5+ 51. Ke1 dxe2 52. Qa7+
Ke6 53. Qb6+ Ke7 54. Kxe2 Qf3+ 55. Ke1 Qc3+ 56. Kf1 Qh3+ 57. Ke1 Qc3+ 58. Kd1
Qd3+ 59. Ke1 Qc3+ 1/2-1/2

[Event "17ème Open International de La Réunion"]
[Site "Saint Denis"]
[Date "2015.10.10"]
[Round "8.5"]
[White "Riviere, Etienne"]
[Black "Schneider, Wolfram"]
[Result "1-0"]
[WhiteElo "1846"]
[BlackElo "1988"]
[PlyCount "69"]
[EventDate "2015.??.??"]

1. e4 d5 2. exd5 Nf6 3. d4 Nxd5 4. Nf3 Bg4 5. Be2 Nc6 6. O-O e6 7. Be3 Be7 8.
c3 O-O 9. Nbd2 Nb6 10. Re1 f5 11. Bf4 Bd6 12. Bxd6 cxd6 13. Qb3 Qd7 14. Ng5 d5
15. Bxg4 fxg4 16. Nxe6 Rf6 17. Nc5 Qf7 18. Re2 Rf8 19. Nd3 h5 20. Rae1 h4 21.
Nf1 Nc4 22. Qc2 h3 23. g3 Rh6 24. Ne3 Qf3 25. b3 Nb6 26. Rd1 Nd7 27. Ne1 Qf7
28. Nxg4 Rg6 29. Ne5 Ndxe5 30. dxe5 Qe6 31. Qd3 Nxe5 32. Rxe5 Qxe5 33. Qxg6 Re8
34. Nf3 Qe2 35. Qd3 1-0

[Event "17ème Open International de La Réunion"]
[Site "Saint Denis"]
[Date "2015.10.10"]
[Round "8.6"]
[White "Ratsimikatry, Caryl Patrick"]
[Black "Dijoux, Julien"]
[Result "1/2-1/2"]
[WhiteElo "1836"]
[BlackElo "1908"]
[PlyCount "70"]
[EventDate "2015.??.??"]

1. e4 Nf6 2. e5 Nd5 3. d4 Nb6 4. Nf3 d5 5. exd6 cxd6 6. c4 g6 7. h3 Bf5 8. Nc3
Bg7 9. Be3 Nc6 10. Rc1 O-O 11. Be2 Rc8 12. O-O Na5 13. b3 Nc6 14. Qd2 a6 15.
Rfd1 d5 16. cxd5 Nxd5 17. Nxd5 Qxd5 18. Rc5 Qd7 19. Rdc1 Be4 20. Ng5 Bd5 21.
Bf3 e6 22. Bxd5 exd5 23. a4 Rfe8 24. b4 Bf8 25. b5 axb5 26. axb5 Na7 27. Rxc8
Rxc8 28. Rxc8 Nxc8 29. Qa5 Nd6 30. Nf3 Qxb5 31. Qd8 Qe8 32. Qg5 Qe6 33. Qd8 Qe8
34. Qg5 Qe6 35. Qd8 Qe8 1/2-1/2

[Event "17ème Open International de La Réunion"]
[Site "Saint Denis"]
[Date "2015.10.10"]
[Round "8.7"]
[White "Chan-Faye, Yoann"]
[Black "Rajaonson, Andriamahenina"]
[Result "0-1"]
[WhiteElo "1592"]
[BlackElo "1840"]
[PlyCount "66"]
[EventDate "2015.??.??"]

1. e4 c5 2. Nf3 d6 3. d4 cxd4 4. Nxd4 Nf6 5. Nc3 g6 6. Be3 Bg7 7. Be2 Nc6 8. f3
O-O 9. Qd2 a6 10. O-O-O Nxd4 11. Bxd4 Be6 12. g4 Qa5 13. a3 Rfc8 14. Kb1 Kf8
15. g5 Nd7 16. Bxg7+ Kxg7 17. Qd4+ Qe5 18. Qd2 b5 19. f4 Qc5 20. Qd4+ f6 21.
gxf6+ Nxf6 22. Qxc5 Rxc5 23. Rhg1 Kf7 24. Bf3 Rac8 25. Rd2 Kf8 26. Re1 Nd7 27.
Rf1 Nb6 28. h4 Nc4 29. Rh2 Nxa3+ 30. Kc1 Nxc2 31. Rff2 Nd4 32. Kd2 b4 33. Na4
Nxf3+ 0-1

[Event "17ème Open International de La Réunion"]
[Site "Saint Denis"]
[Date "2015.10.10"]
[Round "8.8"]
[White "Gaudissard, Dominique"]
[Black "Frelicot, Eric"]
[Result "1/2-1/2"]
[WhiteElo "1723"]
[BlackElo "1787"]
[PlyCount "119"]
[EventDate "2015.??.??"]

1. e4 c6 2. d4 d5 3. Nc3 dxe4 4. Nxe4 Bf5 5. Ng3 Bg6 6. h4 h6 7. h5 Bh7 8. Nf3
Nd7 9. Bd3 Bxd3 10. Qxd3 e6 11. Bd2 Ngf6 12. O-O-O Be7 13. Qe2 O-O 14. Ne5 c5
15. dxc5 Nxe5 16. Qxe5 Nd5 17. Ne4 Qc7 18. Qxc7 Nxc7 19. Kb1 f5 20. Nd6 b6 21.
cxb6 axb6 22. Nc4 b5 23. Nb6 Ra6 24. Be3 f4 25. Nd7 Rfa8 26. Bc5 Rxa2 27. c3
Bxc5 28. Nxc5 Kh7 29. Rhe1 b4 30. c4 R2a5 31. Nd3 b3 32. Kc1 Rd8 33. Re4 Ra1+
34. Kd2 Rxd1+ 35. Kxd1 Rxd3+ 36. Ke2 Rd6 37. Rxf4 Na6 38. Rf7 Nc5 39. Rc7 Na4
40. Rb7 Nxb2 41. Rxb3 Nxc4 42. g4 Ne5 43. Rg3 Nf7 44. Re3 g6 45. f4 gxh5 46.
gxh5 Ra6 47. Rd3 Ra5 48. Re3 Rxh5 49. Rxe6 Rf5 50. Ke3 h5 51. Ke4 Ra5 52. Kf3
Rf5 53. Kg3 Nh6 54. Kh4 Kg7 55. Re5 Rxf4+ 56. Kxh5 Nf7 57. Rd5 Kf6 58. Rb5 Ne5
59. Rb6+ Kf5 60. Rb8 1/2-1/2

[Event "17ème Open International de La Réunion"]
[Site "Saint Denis"]
[Date "2015.10.10"]
[Round "8.9"]
[White "Melon, Antonin"]
[Black "Desire, Michael"]
[Result "0-1"]
[WhiteElo "1520"]
[BlackElo "1783"]
[PlyCount "114"]
[EventDate "2015.??.??"]

1. e4 c5 2. Nf3 d6 3. d3 Nf6 4. Be2 e6 5. Nc3 Be7 6. O-O Nbd7 7. Bf4 a6 8. a4
O-O 9. Rb1 Qc7 10. b3 Rb8 11. h3 b5 12. axb5 axb5 13. Bd2 b4 14. Na2 d5 15.
exd5 exd5 16. d4 Re8 17. dxc5 Bxc5 18. c3 Ne4 19. cxb4 Bb6 20. Rc1 Bxf2+ 21.
Rxf2 Qa7 22. Be1 Qxa2 23. Ra1 Qb2 24. Rb1 Qf6 25. Rf1 Qb6+ 26. Qd4 Qd6 27. Rd1
Ndf6 28. Bd3 Ng3 29. Bxg3 Qxg3 30. Qf2 Qxf2+ 31. Rxf2 Rxb4 32. Bc2 Ne4 33. Re2
Be6 34. Bxe4 dxe4 35. Ng5 f5 36. Nxe6 Rxe6 37. Rb2 Kf7 38. Rd7+ Kf6 39. Rc7 h6
40. Kf2 g5 41. Rh7 Kg6 42. Rc7 f4 43. Rc4 e3+ 44. Ke2 Reb6 45. Rxb4 Rxb4 46.
Kd3 Kf5 47. Kc3 Re4 48. Re2 h5 49. b4 g4 50. b5 f3 51. gxf3 gxf3 52. Re1 e2 53.
b6 Re7 54. b7 Rxb7 55. Ra1 Rb5 56. Kd3 Re5 57. Kd2 f2 0-1

[Event "17ème Open International de La Réunion"]
[Site "Saint Denis"]
[Date "2015.10.10"]
[Round "8.10"]
[White "Rajaobelina, Hery"]
[Black "Herrero, Alain"]
[Result "1/2-1/2"]
[WhiteElo "1787"]
[BlackElo "1689"]
[PlyCount "71"]
[EventDate "2015.??.??"]

1. e4 c5 2. Nf3 Nc6 3. d4 cxd4 4. Nxd4 g6 5. c4 Nf6 6. Nc3 Nxd4 7. Qxd4 d6 8.
c5 dxc5 9. Qxc5 Bd7 10. e5 Ng4 11. Nd5 Rc8 12. Qd4 Bg7 13. Qxa7 O-O 14. Qb6 Rc2
15. Qxd8 Rxd8 16. f4 Kf8 17. Nb4 Rcc8 18. h3 Nxe5 19. fxe5 Bxe5 20. Bh6+ Ke8
21. Nd3 Bg3+ 22. Kd2 Bf5 23. Ke3 e5 24. Rc1 Rxc1 25. Nxc1 f6 26. Bd3 Bxd3 27.
Nxd3 g5 28. Rf1 Bf4+ 29. Nxf4 gxf4+ 30. Bxf4 Ke7 31. Bg3 Rg8 32. Bh4 Rxg2 33.
Bxf6+ Ke6 34. Bxe5 Kxe5 35. Rf2 Rg3+ 36. Rf3 1/2-1/2

[Event "17ème Open International de La Réunion"]
[Site "Saint Denis"]
[Date "2015.10.10"]
[Round "8.11"]
[White "Desor, Helmut"]
[Black "Ringayen, Rose-May"]
[Result "0-1"]
[WhiteElo "1767"]
[BlackElo "1661"]
[PlyCount "82"]
[EventDate "2015.??.??"]

1. c4 e5 2. Nc3 Nf6 3. d3 Bb4 4. Bd2 Bxc3 5. Bxc3 Nc6 6. g3 d6 7. Bg2 Bd7 8. e3
O-O 9. b4 Rb8 10. b5 Ne7 11. Ne2 c6 12. a4 Ng6 13. O-O Qc8 14. Rb1 cxb5 15.
axb5 Bh3 16. Bb4 Rd8 17. Nc3 Bxg2 18. Kxg2 d5 19. Qe2 dxc4 20. dxc4 b6 21. Rfd1
Qb7+ 22. f3 h5 23. e4 h4 24. Rd6 Rxd6 25. Bxd6 Nh5 26. Bxb8 Nhf4+ 27. gxf4
Nxf4+ 28. Kf2 Nxe2 29. Kxe2 Qxb8 30. Nd5 Qd8 31. Rd1 Qg5 32. Kf2 h3 33. Ne3 Qf4
34. Nf1 g5 35. Ng3 g4 36. Rd8+ Kh7 37. Rd3 Kg6 38. Ke2 gxf3+ 39. Rxf3 Qc1 40.
Kd3 Qa3+ 41. Ke2 Qa2+ 0-1

[Event "17ème Open International de La Réunion"]
[Site "Saint Denis"]
[Date "2015.10.10"]
[Round "8.12"]
[White "Neu, Jeannot"]
[Black "Bah, Ismael"]
[Result "1-0"]
[WhiteElo "1694"]
[BlackElo "1754"]
[PlyCount "110"]
[EventDate "2015.??.??"]

1. d4 d5 2. c4 e6 3. Nc3 Nf6 4. Bg5 Be7 5. e3 O-O 6. Bd3 Nbd7 7. Nf3 c6 8. Qc2
Re8 9. Rc1 Nf8 10. O-O Ng6 11. Rfe1 Nd7 12. Bxe7 Qxe7 13. e4 dxe4 14. Bxe4 Nf6
15. Bxg6 hxg6 16. d5 Qc7 17. Ne4 Qf4 18. dxc6 bxc6 19. c5 Nxe4 20. Rxe4 Qf6 21.
Rd4 Ba6 22. Qe4 Rab8 23. b3 Bb5 24. h3 a5 25. Re1 Red8 26. Re3 Rd5 27. g3 Ba6
28. Rxd5 cxd5 29. Qd4 Rb4 30. Qe5 d4 31. Qxf6 gxf6 32. Re4 e5 33. Nd2 Rb8 34.
f4 Bd3 35. Re1 exf4 36. c6 Bc2 37. Re7 Rc8 38. c7 Kf8 39. Rd7 Ke8 40. Rxd4 Rxc7
41. Rxf4 Rd7 42. Rf2 f5 43. Re2+ Kd8 44. Kf2 Kc7 45. Ke1 f6 46. Re6 Rd5 47.
Rxf6 g5 48. Rf7+ Kd6 49. Rf6+ Kc5 50. Re6 Kb4 51. Rb6+ Kc3 52. Rc6+ Kb2 53. Re6
Kc3 54. Re2 Bd3 55. Nc4 Kb4 1-0

[Event "17ème Open International de La Réunion"]
[Site "Saint Denis"]
[Date "2015.10.10"]
[Round "8.13"]
[White "Folio, Cedric"]
[Black "Genne, Rene"]
[Result "1-0"]
[WhiteElo "1667"]
[BlackElo "1727"]
[PlyCount "167"]
[EventDate "2015.??.??"]

1. d4 d5 2. Nf3 Nf6 3. Bf4 e6 4. e3 a6 5. Nc3 Be7 6. Be2 O-O 7. Qd2 b6 8. h3
Bb7 9. a3 Nbd7 10. Bd3 c5 11. O-O c4 12. Be2 h6 13. Bd1 Re8 14. Ne2 Ne4 15. Qe1
Ndf6 16. c3 Bd6 17. Bxd6 Qxd6 18. Ne5 Nd7 19. f4 Nef6 20. Bc2 Qc7 21. Ng3 Nxe5
22. fxe5 Ne4 23. Nxe4 dxe4 24. Qh4 Qe7 25. Qg3 Qg5 26. Qf4 Qg6 27. Rf2 Re7 28.
Raf1 Rf8 29. Qh4 Qg5 30. Rf4 Qxh4 31. Rxh4 f5 32. exf6 Rxf6 33. Rxf6 gxf6 34.
Rxh6 Kg7 35. Rh4 f5 36. Rf4 Kf6 37. Kf2 Kg5 38. h4+ Kg6 39. Bd1 Kh6 40. Be2 b5
41. Bd1 Bc8 42. g3 e5 43. dxe5 Rxe5 44. Be2 Rd5 45. Ke1 Bd7 46. Rf2 Bc8 47. Rf4
Bd7 48. Bf1 Rd6 49. Bh3 Rg6 50. Kf2 Rd6 51. Ke2 Rf6 52. g4 Rf7 53. g5+ Kh5 54.
Bg2 Re7 55. Ke1 Re5 56. Bf1 Rd5 57. Be2+ Kg6 58. Rf2 Be6 59. Rg2 Rd8 60. h5+
Kg7 61. Bf1 Rh8 62. Rh2 Bf7 63. Be2 Bg6 64. Kf2 Bf7 65. Kg3 Rg8 66. Kf4 Be6 67.
Bf1 Rb8 68. Rd2 Rb7 69. Rd6 Bc8 70. Be2 Rd7 71. Ke5 Re7+ 72. Kd5 Bb7+ 73. Kc5
Bc8 74. Bf1 Rf7 75. Rg6+ Kf8 76. Rh6 Kg7 77. Rc6 Bb7 78. Rg6+ Kf8 79. Rd6 f4
80. g6 Rf5+ 81. Kb6 fxe3 82. Be2 Rf2 83. h6 Rxe2 84. g7+ 1-0

[Event "17ème Open International de La Réunion"]
[Site "Saint Denis"]
[Date "2015.10.10"]
[Round "8.14"]
[White "Sawmynaden, Vicken"]
[Black "Andriandaza, Tombo Omar"]
[Result "1-0"]
[WhiteElo "1600"]
[BlackElo "1721"]
[PlyCount "126"]
[EventDate "2015.??.??"]

1. e4 c6 2. d4 d5 3. exd5 cxd5 4. Nf3 Nf6 5. Be3 Qb6 6. b3 Bg4 7. Be2 Nbd7 8.
O-O e6 9. Ne5 Bxe2 10. Qxe2 Bd6 11. Nd2 Qc7 12. Ndf3 O-O 13. Bg5 Ne4 14. Nxd7
Qxd7 15. Bh4 Rac8 16. c4 f6 17. c5 Bb8 18. Nd2 Nxd2 19. Qxd2 f5 20. Rfe1 Rc6
21. f4 Qf7 22. Bg3 Bc7 23. b4 a6 24. Re3 h5 25. Qf2 Qf6 26. Rb3 b6 27. Rc1 Qh6
28. Rf1 Kf7 29. a4 b5 30. axb5 axb5 31. Bh4 Ra8 32. Bg5 Qh8 33. Qe2 Rb8 34. Re1
g6 35. Qe3 Ra8 36. Rd1 Rca6 37. Re1 Qe8 38. h4 Ra2 39. Re2 Ra1+ 40. Kf2 R8a6
41. Rbb2 Qb8 42. Rbc2 R1a3 43. Rc3 Rxc3 44. Qxc3 Bxf4 45. c6 Qc7 46. Rc2 Bd6
47. Bd2 Ra7 48. g3 Qb6 49. Qe3 Rc7 50. Qh6 Qxd4+ 51. Be3 Qg7 52. Qg5 Be7 53.
Qf4 e5 54. Qf3 Ke6 55. Qe2 Bxb4 56. Qxb5 Bd6 57. Rd2 d4 58. Qc4+ Ke7 59. Bg5+
Ke8 60. Rb2 Re7 61. Bxe7 Qxe7 62. Rb7 Qf6 63. c7 Bxc7 1-0

[Event "17ème Open International de La Réunion"]
[Site "Saint Denis"]
[Date "2015.10.10"]
[Round "8.15"]
[White "Duprey, Francois-Xavier"]
[Black "Hoareau, Noe"]
[Result "1/2-1/2"]
[WhiteElo "1720"]
[BlackElo "1495"]
[PlyCount "107"]
[EventDate "2015.??.??"]

1. c4 e6 2. Nf3 d5 3. d4 Nf6 4. Nc3 Be7 5. g3 O-O 6. Bg2 Nbd7 7. c5 a6 8. a4 b6
9. b4 a5 10. c6 Bxb4 11. cxd7 Bxc3+ 12. Bd2 Bxd2+ 13. Qxd2 Bxd7 14. O-O Qe7 15.
Rfc1 Rfc8 16. Ne5 Be8 17. Nc6 Qd6 18. Ne5 c5 19. e3 Rab8 20. Rcb1 c4 21. Qc2
Nd7 22. Nf3 Nf8 23. Nd2 Ng6 24. h4 Ne7 25. f4 Nc6 26. Nf3 f6 27. g4 Nb4 28. Qc3
Bg6 29. Rb2 Nd3 30. Rd2 Qb4 31. Ra3 Qxc3 32. Rxc3 b5 33. axb5 Rxb5 34. f5 exf5
35. Rdxd3 fxg4 36. Rd2 gxf3 37. Bxf3 Rcb8 38. Kf2 Rb2 39. Bxd5+ Bf7 40. Bxf7+
Kxf7 41. Rxb2 Rxb2+ 42. Kf3 Rb4 43. Ke4 Ke6 44. d5+ Kd6 45. Kd4 Rb1 46. e4 Rh1
47. Rxc4 Rxh4 48. Rc6+ Kd7 49. Ra6 f5 50. Kc5 Rxe4 51. Ra7+ Kc8 52. Rxg7 f4 53.
Rxh7 a4 54. Rh8+ 1/2-1/2

[Event "17ème Open International de La Réunion"]
[Site "Saint Denis"]
[Date "2015.10.10"]
[Round "8.16"]
[White "Triton, Maxime"]
[Black "Vitry, Patrick"]
[Result "0-1"]
[WhiteElo "1605"]
[BlackElo "1712"]
[PlyCount "76"]
[EventDate "2015.??.??"]

1. e4 d6 2. d4 Nf6 3. Nc3 g6 4. Be3 Bg7 5. Nge2 c6 6. f3 Nbd7 7. Qd2 h6 8. Nf4
b5 9. Nd3 a5 10. a3 Nb6 11. Nf2 Qc7 12. Be2 Nc4 13. Bxc4 bxc4 14. O-O Rb8 15.
Rab1 h5 16. e5 Nd5 17. Nxd5 cxd5 18. exd6 exd6 19. Rfe1 O-O 20. Bg5 Be6 21. Nh1
Qa7 22. Red1 Rb7 23. Ng3 Rfb8 24. c3 Rb3 25. Qf4 Be5 26. Qe3 Bg7 27. Qf4 Qd7
28. Qc1 f6 29. Bh6 h4 30. Bxg7 Kxg7 31. Nf1 Bf5 32. Nd2 R3b7 33. Ra1 Rxb2 34.
Nf1 Rc2 35. Qf4 Rxc3 36. Qxh4 a4 37. Re1 Rbb3 38. Ng3 Bd3 0-1